LEADER 01852nam0 2200433 i 450 001 BVEE017523 005 20170908093206.0 012 $ae.e- o-tu o-po numo (3) 1571 (A)$2fei 100 $a20120131d1571 ||||0itac50 ba 101 | $alat 102 $afr 181 1$6z01$ai $bxxxe 182 1$6z01$an 200 1 $a˜Gasparis Contareni cardinalis œOpera 210 $aParisiis$capud Sebastianum Niuellium, sub Ciconiis in via Iacobaea$d1571 215 $a[40], 90, [2], 91-627, [24] p.$d2º 300 $aA cura di Luigi Contarini, il cui nome figura nella prefazione 300 $aMarca sul frontespizio (R833) 300 $aCorsivo ; greco ; romano 300 $aSegnatura: a⁴b-c⁶d⁴A-G⁶H⁴I-2Z⁶, ²2A-2H⁶ 2I⁴ 300 $aIniziali e fregi xilografici 300 $aVariante B: senza marca sul frontespizio. 316 $a1 v.$5IT-NA0075, A 25 0315 500 10$aOpera.$3BVEE017524$9TO0V064859$91480062 620 $dParigi$3TO0L002626 700 1$aContarini$b, Gasparo$3TO0V064859$4070$0189189 702 1$aContarini$b, Luigi$f <16.sec.>$3SBLV315684 712 02$aNivelle, Sébastien$f <1549-1603>$3BVEV018243$4650 790 1$aContarenus$b, Gaspar$f <1483-1542>$3SBNV031949$zContarini, Gasparo 791 02$a˜sub œCiconijs via Iacobaea.$3BVEV041855$zNivelle, Sébastien <1549-1603> 791 02$aNivellius, Sebastianus$3SBNV003714$zNivelle, Sébastien <1549-1603> 801 3$aIT$bIT-NA0079$c20120131 850 $aIT-NA0075 912 $aBVEE017523 921 $aSBNM000001$bMarca non controllata$cS2$dSul front. 950 0$aBiblioteca statale oratoriana dei Girolamini$c1 v.$d GEA 25 0315$e GE 0000006645 B 1 v.$fN $h20120131$i20120131 977 $a GE 996 $aOpera$91480062 997 $aUNISANNIO LEADER 02358nam 2200661 a 450 001 9910451528803321 005 20200520144314.0 010 $a1-281-27132-2 010 $a9786611271329 010 $a0-8144-1089-8 035 $a(CKB)1000000000441336 035 $a(EBL)408794 035 $a(OCoLC)234196237 035 $a(SSID)ssj0000074768 035 $a(PQKBManifestationID)11118766 035 $a(PQKBTitleCode)TC0000074768 035 $a(PQKBWorkID)10128300 035 $a(PQKB)10081760 035 $a(MiAaPQ)EBC408794 035 $a(Au-PeEL)EBL408794 035 $a(CaPaEBR)ebr10271775 035 $a(CaONFJC)MIL127132 035 $a(EXLCZ)991000000000441336 100 $a20080114d2008 uy 0 101 0 $aeng 135 $aur|n|---||||| 181 $ctxt 182 $cc 183 $acr 200 14$aThe EQ interview$b[electronic resource] $efinding employees with high emotional intelligence /$fAdele B. Lynn 210 $aNew York $cAMACOM/American Management Association ;$a[Alexandria, Va.] $cSHRM$dc2008 215 $a1 online resource (193 p.) 300 $aDescription based upon print version of record. 311 $a0-8144-0941-5 320 $aIncludes bibliographical references and index. 327 $aThe five areas of emotional intelligence and the EQ job competencies -- Self-awareness -- Self-control or self-management -- Empathy -- Social expertness -- Personal influence : influencing self -- Mastery of purpose and vision -- The EQ fraud and other warning signs. 330 $aThe only book of its kind- co-published with the Society for Human Resource Management. 606 $aEmployee selection 606 $aEmotional intelligence$vExaminations, questions, etc 606 $aCore competencies 606 $aEmployment interviewing 606 $aWork$xPsychological aspects 608 $aElectronic books. 615 0$aEmployee selection. 615 0$aEmotional intelligence 615 0$aCore competencies. 615 0$aEmployment interviewing. 615 0$aWork$xPsychological aspects. 676 $a658.3/1125 686 $a85.62$2bcl 700 $aLynn$b Adele B$0877112 801 0$bMiAaPQ 801 1$bMiAaPQ 801 2$bMiAaPQ 906 $aBOOK 912 $a9910451528803321 996 $aThe EQ interview$91958472 997 $aUNINA LEADER 01233nam a2200289 i 4500 001 991001435809707536 005 20020502192954.0 008 931118s1992 it ||| | ita 020 $a8804358211 035 $ab11512453-39ule_inst 035 $aPRUMB60929$9ExL 040 $aDip. di SSSC - Sociologia$bita 100 1 $aGiommi, Roberta$0482175 245 10$aProgramma di educazione sessuale :$btre anni, sei anni. Maschi e femmine :$bil mio corpo , io e il mondo, come sono nato /$cRoberta Giommi Marcello Perrotta ; presentato da Willy Pasini ; illustrazioni di Giulia Orecchia ; vignette di Alberto Rebori 260 $aMilano :$bMondadori,$c1992 300 $a40 p. :$bill. ;$c31 cm. 650 4$aEducazione sessuale 700 1 $aPerrotta, Marcello$eauthor$4http://id.loc.gov/vocabulary/relators/aut$0744954 700 1 $aOrecchia, Giulia 700 1 $aPasini, Willy 700 1 $aRebori, Alberto 907 $a.b11512453$b01-07-21$c01-07-02 912 $a991001435809707536 945 $aLE021 NID37$g1$i2021000252372$lle021$o-$pE0.00$q-$rl$s- $t0$u1$v1$w1$x0$y.i1170732x$z01-07-02 996 $aProgramma di educazione sessuale$91484925 997 $aUNISALENTO 998 $ale021$b01-01-93$cm$da $e-$fita$git $h0$i1 LEADER 02442nam 2200709 a 450 001 9910807830003321 005 20240313164527.0 010 $a9781523110032 010 $a1523110031 010 $a9781118543702 010 $a111854370X 010 $a9781118544815 010 $a1118544811 010 $a9781299402577 010 $a1299402577 010 $a9781118543672 010 $a111854367X 035 $a(CKB)2550000001017896 035 $a(EBL)1138224 035 $a(SSID)ssj0000832609 035 $a(PQKBManifestationID)11465900 035 $a(PQKBTitleCode)TC0000832609 035 $a(PQKBWorkID)10899298 035 $a(PQKB)10984829 035 $a(DLC) 2013005425 035 $a(Au-PeEL)EBL1138224 035 $a(CaPaEBR)ebr10680767 035 $a(CaONFJC)MIL471507 035 $a(PPN)196550475 035 $a(FINmELB)ELB178497 035 $a(OCoLC)827120266 035 $a(MiAaPQ)EBC1138224 035 $a(Perlego)1003757 035 $a(EXLCZ)992550000001017896 100 $a20130206d2013 uy 0 101 0 $aeng 135 $aurcn||||||||| 181 $ctxt 182 $cc 183 $acr 200 10$aAdvanced distillation technologies $edesign, control and applications /$fAnton Alexandru Kiss 205 $a1st ed. 210 $aChichester [England] $cWiley$d2013 215 $a1 online resource (415 p.) 300 $aIncludes index. 311 08$a9781119993612 311 08$a111999361X 320 $aIncludes bibliographical references and index. 327 $aBasic concepts in distillation -- Design, control, and economics of distillation -- Dividing-wall column -- Optimal operation and control of DWC -- Advanced control strategies for DWC -- Applications of dividing-wall columns -- Heat pump assisted distillation -- Heat-integrated distillation column -- Cyclic distillation -- Reactive distillation. 330 $a"Covers the background, recent developments, fundamental principles, design and simulation, detailed cases of separations in DWC, and future trends"--$cProvided by publisher. 606 $aDistillation 615 0$aDistillation. 676 $a542/.4 686 $aSCI013060$2bisacsh 700 $aKiss$b Anton Alexandru$0924566 801 0$bMiAaPQ 801 1$bMiAaPQ 801 2$bMiAaPQ 906 $aBOOK 912 $a9910807830003321 996 $aAdvanced distillation technologies$93931784 997 $aUNINA